Research Methodology: Methods and Techniques (Record no. 369086)

MARC details
000 -LEADER
fixed length control field 01089nam a2200217 4500
005 - DATE AND TIME OF LATEST TRANSACTION
control field 20251111160620.0
008 - FIXED-LENGTH DATA ELEMENTS--GENERAL INFORMATION
fixed length control field 251110b |||||||| |||| 00| 0 eng d
020 ## - INTERNATIONAL STANDARD BOOK NUMBER
International Standard Book Number 9789389802559
041 ## - LANGUAGE CODE
Language code of text/sound track or separate title English
082 ## - DEWEY DECIMAL CLASSIFICATION NUMBER
Classification number 001.4
Item number KOT
100 ## - MAIN ENTRY--PERSONAL NAME
Author Kothari C. R.
245 ## - TITLE STATEMENT
Title Research Methodology: Methods and Techniques
250 ## - EDITION STATEMENT
Edition statement 5th
260 ## - PUBLICATION, DISTRIBUTION, ETC.
Place of publication, distribution, etc. New Delhi
Name of publisher, distributor, etc. New Age International
300 ## - PHYSICAL DESCRIPTION
Extent 464
365 ## - TRADE PRICE
Price amount 389.22
Currency code Rs.00
520 ## - SUMMARY, ETC.
Summary, etc. 1. Research Methodology: An Introduction<br/>2. Defining the Research Problem<br/>3. Research Design<br/>4. Design of Sample Surveys<br/>5. Measurement and Scaling<br/>6. Data Collection<br/>7. Data Preparation<br/>8. Descriptive Statistics<br/>9. Sampling and Statistical Inference<br/>10. Testing of Hypothesis<br/>11. Chi-Square Tests<br/>12. Analysis of Variance<br/>13. Other Nonparametric Methods<br/>14. Linear Regression Analysis<br/>15. Factor Analysis<br/>16. Discriminant Analysis<br/>17. Cluster Analysis<br/>18. Other Multivariate Techniques<br/>19. Interpretation and Report Writing<br/>
650 ## - SUBJECT ADDED ENTRY--TOPICAL TERM
Topical term or geographic name entry element Research
700 ## - ADDED ENTRY--PERSONAL NAME
Personal name Garg Gaurav
942 ## - ADDED ENTRY ELEMENTS (KOHA)
Koha item type Books
Holdings
Withdrawn status Lost status Source of classification or shelving scheme Damaged status Not for loan Home library Current library Date acquired Vendor Net Price Bill number Total Checkouts Full call number Barcode Date last seen Discount Actual Price Bill Date Koha item type Date last checked out Date due
    Dewey Decimal Classification     School of Fashion Technology School of Fashion Technology 06/11/2025 Om Book Stall 389.22 1098   001.4 KOT SOFT-BK-4701 10/11/2025 22% 499.00 05/11/2025 Books    
    Dewey Decimal Classification     School of Fashion Technology School of Fashion Technology 06/11/2025 Om Book Stall 389.22 1098   001.4 KOT SOFT-BK-4702 10/11/2025 22% 499.00 05/11/2025 Books    
    Dewey Decimal Classification     School of Fashion Technology School of Fashion Technology 06/11/2025 Om Book Stall 389.22 1098   001.4 KOT SOFT-BK-4703 10/11/2025 22% 499.00 05/11/2025 Books    
    Dewey Decimal Classification     School of Fashion Technology School of Fashion Technology 06/11/2025 Om Book Stall 389.22 1098   001.4 KOT SOFT-BK-4704 10/11/2025 22% 499.00 05/11/2025 Books    
    Dewey Decimal Classification     School of Fashion Technology School of Fashion Technology 06/11/2025 Om Book Stall 389.22 1098 1 001.4 KOT SOFT-BK-4705 27/03/2026 22% 499.00 05/11/2025 Books 18/03/2026  
    Dewey Decimal Classification     School of Fashion Technology School of Fashion Technology 06/11/2025 Om Book Stall 389.22 1098   001.4 KOT SOFT-BK-4706 10/11/2025 22% 499.00 05/11/2025 Books    
    Dewey Decimal Classification     School of Fashion Technology School of Fashion Technology 06/11/2025 Om Book Stall 389.22 1098   001.4 KOT SOFT-BK-4707 10/11/2025 22% 499.00 05/11/2025 Books    
    Dewey Decimal Classification     School of Fashion Technology School of Fashion Technology 06/11/2025 Om Book Stall 389.22 1098 1 001.4 KOT SOFT-BK-4708 12/01/2026 22% 499.00 05/11/2025 Books 08/12/2025  
    Dewey Decimal Classification     School of Fashion Technology School of Fashion Technology 06/11/2025 Om Book Stall 389.22 1098 1 001.4 KOT SOFT-BK-4709 04/04/2026 22% 499.00 05/11/2025 Books 04/04/2026 06/04/2026
    Dewey Decimal Classification     School of Fashion Technology School of Fashion Technology 06/11/2025 Om Book Stall 389.22 1098   001.4 KOT SOFT-BK-4710 10/11/2025 22% 499.00 05/11/2025 Books